| 000 | 00471nam a2200181Ia 4500 | ||
|---|---|---|---|
| 008 | 131103s9999 xx 000 0 und d | ||
| 020 | _a552122750 | ||
| 040 | _aLoreto College | ||
| 041 | _aEnglish | ||
| 082 |
_aF/CHA _bLCBED/12676 |
||
| 100 | _aChase, James Hadley | ||
| 245 |
_aWe'll share a double funeral _cJames Hadley Chase |
||
| 260 |
_aLondon _bCorgi _c1983 |
||
| 300 |
_a175p. _c 18cm. |
||
| 650 | _aEnglish fiction | ||
| 850 | _aLCBED/F/CHA | ||
| 942 | _cBK | ||
| 999 |
_c32397 _d82876 |
||